| 000 | 00995nam a2200229 u 4500 | ||
|---|---|---|---|
| 001 | 000530192 | ||
| 003 | AM-YeHGA | ||
| 005 | 20250618072858.0 | ||
| 008 | 070406s1936 ai r 000 0 arm d | ||
| 040 | _aAM-YeHGA | ||
| 041 | 0 | _aarm | |
| 100 | 1 |
_aԱրարատյան, Ալեքսանդր Գևորգի, _d1897-1991 _92230 |
|
| 245 | 1 | 0 |
_aՀերբարիում / _cԱլ. Արարատյան; Խմբ.՝ Պ. Քալանթարյան, Գ. Աղաջանյան; ՀՍԽՀ Գյուղատնտ. ին-տ Բուսաբանական ամբ. |
| 260 |
_aՅերևան : _bԳյուղհրատ, _c1936. |
||
| 300 | _a37 էջ. | ||
| 650 | 1 | 4 | _aԲուսաբանություն |
| 700 | 1 |
_aՔալանթարյան, Պապա Բեջանի, _d1887-1942 _eխմբ. _4edt _91617 |
|
| 700 | 1 |
_aԱղաջանյան, Գեղամ Խաչատուրի, _d1891-1969 _eխմբ. _4edt _92114 |
|
| 710 | 2 |
_aԳյուղատնտեսական ինստիտուտ ՀՍԽՀ _bԲուսաբանական ամբիոն |
|
| 942 |
_2udc _cBK |
||
| 090 | _c198227 | ||
| 999 |
_c196748 _d196748 |
||